Artists That Have Worked with Ed Sheeran - Statistics

General Stats
  • This quiz has been taken 24 times
    12 since last reset
  • The average score is 6 of 49
Answer Stats
Artist % Correct
Taylor Swift
78%
Bruno Mars
56%
Camila Cabello
56%
Cardi B
56%
Eminem
56%
Khalid
44%
Beyonce
33%
Elton John
33%
50 Cent
22%
Anne-Marie
22%
Lil Baby
22%
Stormzy
22%
Travis Scott
22%
Andrea Bocelli
11%
Ella Mai
11%
H.E.R.
11%
Hoodie Allen
11%
Passenger
11%
Paulo Londra
11%
Skrillex
11%
YEBBA
11%
A Boogie wit da Hoodie
0%
Aitch
0%
Big Narstie
0%
Bring Me The Horizon
0%
Burna Boy
0%
Chance the Rapper
0%
Chris Stapleton
0%
Dave
0%
DJ Mustard
0%
Eric Clapton
0%
Fabolous
0%
Fireboy DML
0%
Fuse ODG
0%
Future
0%
Giggs
0%
Jaykae
0%
Labrinth
0%
Meek Mill
0%
Mugeez
0%
Rick Ross
0%
Rita Ora
0%
Rudimental
0%
Russ
0%
Sam Smith
0%
The Game
0%
The Weeknd
0%
Yelawolf
0%
YG
0%
No matching quizzes found
Score Distribution
Percent of People with Each Score
Percentile by Number Answered
Your Score History
You have not taken this quiz since the last reset